000 00681nam a2200229Ia 4500
003 OSt
005 20220923214153.0
006 a|||||r|||| 00| 0
007 ta
008 220922b |||||||| |||| 00| 0 hin d
024 _a167,603
037 _cTextual
040 _aARTS
_cARTS
_bhin
041 _2hin
_ahin
082 _aO152:1K15x, J5
100 _aमिश्र, विश्वनाथ प्रसाद
245 0 _aघनाआनंद कबित्त
246 _aGhanāānanda kabitta
260 _c1955
942 _hO152:1K15x, J5
_cTEXL
_2CC
999 _c322073
_d322073